Statistiken für DAX 40 Unternehmen

Klicken Sie hier um das Quiz zu spielen!

Allgemein

  • Dieses Quiz wurde 706 mal gespielt
    (656 seit der letzten Aktualisierung)
  • Das Durchschnittsergebnis liegt bei 20 aus 40

Antwortstatistiken

Antwort% Korrekt
Volkswagen (VW) vz.
94%
BMW
92%
Bayer
77%
Allianz
76%
Deutsche Bank
76%
Siemens
75%
adidas
72%
Deutsche Post
72%
SAP
72%
Daimler Truck
68%
Deutsche Telekom
68%
Mercedes-Benz Group
65%
BASF
60%
Porsche
59%
RWE
51%
Airbus
50%
Rheinmetall
50%
E.ON
49%
Vonovia
48%
Commerzbank
46%
Zalando
46%
Deutsche Börse
45%
Münchener Rückversicherungs-Gesellschaft
45%
Porsche Automobil vz.
44%
Continental
42%
Fresenius
41%
Henkel vz.
40%
Beiersdorf
38%
Merck
37%
Siemens Energy
35%
Hannover Rück
33%
HeidelbergCement
33%
Infineon
32%
Covestro
30%
Siemens Healthineers
28%
MTU Aero Engines
25%
Brenntag
24%
Sartorius
24%
Symrise
24%
Qiagen
22%

Verteilung der Resultate

Perzentil nach korrekt beantworteten Fragen

Anzahl Personen mit jedem Resultat

Ihre Resultats-Entwicklung

Sie haben dieses Quiz seit der letzten Aktualisierung nicht gespielt